আপনার সন্তান ও ক্যাডেট কলেজ / (Record no. 2524)
[ view plain ]
| 000 -LEADER | |
|---|---|
| fixed length control field | 00685nam a2200217 a 4500 |
| 001 - CONTROL NUMBER | |
| JCCL Control Number | 2524 |
| 003 - CONTROL NUMBER IDENTIFIER | |
| JCCL marc code | BD-JhCC |
| 005 - DATE AND TIME OF LATEST TRANSACTION | |
| control field | 20171104123445.0 |
| 008 - FIXED-LENGTH DATA ELEMENTS--GENERAL INFORMATION | |
| fixed length control field | 171104s1982 bg |||| ||a| 000 0 ben d |
| 035 ## - SYSTEM CONTROL NUMBER | |
| system control number | (BD-JhCC)2524 |
| 040 ## - CATALOGING SOURCE | |
| Original cataloging agency | BD-JhCC |
| Modifying agency | BD-JhCC |
| 041 ## - LANGUAGE CODE | |
| Language code of Book | ben |
| 082 ## - DEWEY DECIMAL CLASSIFICATION NUMBER | |
| Classification number | 378.196 |
| Author mark and Year | ROB 1982 |
| 100 ## - MAIN ENTRY--PERSONAL NAME | |
| Personal name | রব, এফ এম আবদুর |
| 245 ## - TITLE STATEMENT | |
| Title | আপনার সন্তান ও ক্যাডেট কলেজ / |
| Statement of responsibility, etc | এফ এম আবদুর রব, |
| 260 ## - PUBLICATION, DISTRIBUTION, ETC. (IMPRINT) | |
| Place of publication, distribution, etc | ঢাকা : |
| Name of publisher, distributor, etc | আহমদ পাবলিশিং, |
| Date of publication, distribution, etc | 1982 |
| 300 ## - PHYSICAL DESCRIPTION | |
| Pagination | 219 p. : |
| Dimensions | 20 cm. |
| 650 ## - SUBJECT ADDED ENTRY--TOPICAL TERM | |
| Topical term or geographic name as entry element | Cadet college Education |
| Geographic subdivision | Bangladesh |
| 942 ## - ADDED ENTRY ELEMENTS (KOHA) | |
| Source of classification or shelving scheme | Dewey Decimal Classification |
| Koha item type | Books |
| Source of classification or shelving scheme | Damaged status | Not for loan | Home library | Current library | Shelving location | Date of accession | Cost, normal purchase price | Total Checkouts | Full call number | Barcode | Date last seen | Copy number | Koha item type |
|---|---|---|---|---|---|---|---|---|---|---|---|---|---|
| Dewey Decimal Classification | JCC Rouf Library | JCC Rouf Library | General Stacks | 11/04/2017 | 35.00 | 378.196 ROB 1982 | 4193 | 11/04/2017 | C-1 | Books | |||
| Dewey Decimal Classification | JCC Rouf Library | JCC Rouf Library | General Stacks | 02/05/2018 | 35.00 | 378.196 ROB 1982 | 9597 | 02/05/2018 | C-2 | Books | |||
| Dewey Decimal Classification | JCC Rouf Library | JCC Rouf Library | General Stacks | 03/05/2018 | 35.00 | 378.196 ROB 1982 | 11564 | 03/05/2018 | C-3 | Books |